000 00643cam a22002291 4500
001 sa 64007324
003 DLC
005 20260227112045.0
008 890613s1964 ii 000 0 hino
010 _asa 64007324
035 _a(OCoLC)19863815
040 _aDLC
_cWaU
_dDLC
042 _apremarc
050 0 0 _aPK2097.P7
_bS57
100 1 _aŚarmā, Kṛshṇadeva.
245 1 0 _aSkandagupta samīkshā.
260 _c[1964]
300 _a188 p.
_c18 cm.
500 _aIn Hindi.
600 1 0 _aPrasad, Jai Shankar,
_d1889-1937.
_tSkandagupta Vikramāditya.
600 0 0 _aSkandagupta,
_cEmperor of Northern India,
_dactive 455-467
_vDrama.
999 _c60173
_d60173